[Event "Seville op 41st"]
[Site "Seville"]
[Date "2016.01.08"]
[Round "1"]
[White "Caro Bellerin, Javier"]
[Black "Montero Melendez, Rafael"]
[Result "0-1"]
[WhiteElo "1765"]
[BlackElo "2373"]
[PlyCount "96"]
[EventDate "2016.01.08"]
[EventType "swiss"]
[EventRounds "9"]
[EventCountry "ESP"]
[SourceTitle "CBM 170 Extra"]
[Source "ChessBase"]
[SourceDate "2016.02.25"]
[SourceVersion "1"]
[SourceVersionDate "2016.02.25"]
[SourceQuality "1"]

1. e4 c5 2. Nf3 e6 3. d4 cxd4 4. Nxd4 a6 5. Be3 Nf6 6. Nd2 Qc7 7. c3 Nc6 8. Be2 d5 9. exd5 Nxd5 10. 0-0 Bd6 11. h3 Nxe3 12. fxe3 0-0 13. Nxc6 Qxc6 14. Bf3 Qc5 15. Qe2 Qe5 16. g4 Bb8 17. Rad1 Ba7 18. Rfe1 Rb8 19. Nc4 Qc7 20. Kg2 Bd7 21. Nd6 b5 22. Qd3 Rb6 23. e4 Bc6 24. e5 Bxf3+ 25. Qxf3 f6 26. Rf1 Qc5 27. Qe4 Bb8 28. exf6 Rxd6 29. fxg7 Rxf1 30. Rxf1 Kxg7 31. Qf3 Rd2+ 32. Rf2 Rxf2+ 33. Qxf2 Qxf2+ 34. Kxf2 Kf6 35. Kf3 Ke5 36. b3 Kd5 37. h4 Be5 38. g5 Bxc3 39. h5 e5 40. g6 hxg6 41. hxg6 e4+ 42. Ke3 Bg7 43. a3 Bh6+ 44. Ke2 Kd4 45. a4 b4 46. a5 e3 47. Kd1 Kd3 48. Ke1 e2 0-1

[Event "Seville op 40th"]
[Site "Seville"]
[Date "2015.01.25"]
[Round "1"]
[White "Caro Bellerin, Javier"]
[Black "Sgnaolin, Davide"]
[Result "0-1"]
[WhiteElo "1711"]
[BlackElo "2219"]
[PlyCount "73"]
[EventDate "2015.01.25"]
[EventType "swiss"]
[EventRounds "9"]
[EventCountry "ESP"]
[SourceTitle "CBM 164 Extra"]
[Source "ChessBase"]
[SourceDate "2015.03.02"]
[SourceVersion "1"]
[SourceVersionDate "2015.03.02"]
[SourceQuality "1"]

1. e4 c5 2. Nf3 Nc6 3. d4 cxd4 4. Nxd4 Nf6 5. Nc3 e5 6. Ndb5 d6 7. Bg5 a6 8. Bxf6 gxf6 9. Na3 f5 10. Bd3 Qg5 11. Qd2 Qxd2+ 12. Kxd2 fxe4 13. Nxe4 f5 14. Nf6+ Kf7 15. Nd5 Bh6+ 16. Kd1 Be6 17. Nc7 Rac8 18. Nxe6 Kxe6 19. c3 e4 20. Be2 d5 21. g4 Rhf8 22. gxf5+ Kxf5 23. f3 e3 24. Bd3+ Kf4 25. Ke2 Rg8 26. Rhg1 Ne5 27. Bxh7 Rxg1 28. Rxg1 Rh8 29. Bb1 Bf8 30. Rg2 Bxa3 31. bxa3 Nxf3 32. Bf5 Nh4 33. Rg3 Nxf5 34. Rf3+ Ke4 35. h3 d4 36. Rxf5 d3+ 37. Ke1 0-1